[Event "Boris Kostic CC-ch"]
[Site "Vrsac"]
[Date "2018.03.25"]
[Round "15"]
[White "Voina, Pau"]
[Black "Mitrovanov, Djordje"]
[Result "0-1"]
[WhiteElo "2038"]
[BlackElo "2151"]
[PlyCount "104"]
[EventDate "2018.03.01"]
[EventType "tourn"]
[EventRounds "18"]
[EventCountry "SRB"]
[SourceTitle "EXT 2019"]
[Source "ChessBase"]
[SourceDate "2018.10.10"]
[SourceVersion "1"]
[SourceVersionDate "2018.10.10"]
[SourceQuality "1"]

1. d4 Nf6 2. Nf3 e6 3. b3 b6 4. Bb2 Bb4+ 5. c3 Be7 6. Qc2 Bb7 7. Nbd2 d5 8. e3 Nbd7 9. Be2 0-0 10. a3 Bd6 11. c4 Qe7 12. b4 c6 13. c5 Bc7 14. Ne5 Nxe5 15. dxe5 Nd7 16. cxb6 axb6 17. f4 c5 18. Bf3 Rfc8 19. Qb3 c4 20. Qd1 b5 21. Bc3 Nb6 22. Bd4 Ra6 23. 0-0 Rca8 24. Qc1 Na4 25. Nb1 Bc6 26. Nc3 Nxc3 27. Qxc3 Bb6 28. Rf2 Qa7 29. Rfa2 Qd7 30. Rd2 Qb7 31. h3 Bd8 32. Bd1 Be7 33. Bc2 Qb8 34. Bb1 Qf8 35. Rb2 f6 36. exf6 Bxf6 37. Be5 Bxe5 38. Qxe5 Qf6 39. Qxf6 gxf6 40. Rba2 e5 41. Kf2 d4 42. exd4 exd4 43. Bf5 Be8 44. Be4 R8a7 45. a4 Rxa4 46. Rxa4 Rxa4 47. Bd5+ Bf7 48. Bxf7+ Kxf7 49. Rb1 Ra2+ 50. Kf3 f5 51. g4 Ra3+ 52. Kg2 c3 0-1